| 000 | 00821nam a22002177a 4500 | ||
|---|---|---|---|
| 999 |
_c17317 _d17317 |
||
| 003 | AR-CdUCM | ||
| 008 | 190329b ||||| |||| 00| 0 spa d | ||
| 040 |
_aMUNICIPALIDAD PROVINCIAL DEL CUSCO _cBIBLIOTECA MUNICIPAL DEL CUSCO |
||
| 082 |
_a869.551 / _bG66 |
||
| 100 |
_aGonzalez Prada, Manuel _9638 |
||
| 245 | _aPor los mas notables escritores del Perú y América / | ||
| 260 |
_aCusco : _bH. G. Rozas, _c1924. |
||
| 300 |
_a226 paginas ; _c20 cm. |
||
| 505 | _aContenido : De German Leguía i Martinez -- De E. Castro Oyanguren -- De Federico Moore -- Critica nacional -- De Ramiro Perez Reinoso... | ||
| 650 |
_aManuel Gonzales Prada _92389 |
||
| 650 |
_aRamiro Pérez Reinoso _926556 |
||
| 650 |
_aPerú y América _926557 |
||
| 650 |
_aEscritores _92284 |
||
| 942 |
_2ddc _cLIBROS |
||
| 945 |
_adavv _d08/05/2019 |
||